Propuesta de un sistema de gestión de inventario en la línea de Gypsum de la empresa Yang & Asociados, S.A.
El estudio presenta una Propuesta de un Sistema de gestión de inventario en la línea de Gypsum de la Empresa Yang & Asociados, S.A.” con la finalidad de presentar una propuesta de modelo de gestión para los productos clasificación A, que facilite la disminución de costos operativos corresp...
| Main Authors: | , |
|---|---|
| Other Authors: | |
| Format: | Tesis Section = Libro |
| Language: | Undetermined Spanish |
| Published: |
Managua
UNI
2020
|
| Subjects: |
| LEADER | 01327nam a2200265Ia 4500 | ||
|---|---|---|---|
| 008 | 240830s9999 xx 000 0 und d | ||
| 040 | |a BIBLIOTECA-RUPAP/ Mon 658.787 O15 | ||
| 041 | |a spa | ||
| 082 | |a Mon 658.787 O15 | ||
| 100 | 1 | |a Ocampo Bermúdez, Amanda Valeria | |
| 100 | 1 | |b Salazar Pérez, Randal Enmanuel | |
| 245 | 1 | 0 | |a Propuesta de un sistema de gestión de inventario en la línea de Gypsum de la empresa Yang & Asociados, S.A. |
| 260 | |a Managua |b UNI |c 2020 | ||
| 300 | |a 70 p. :il. | ||
| 500 | |a Contiene: anexos y CD. | ||
| 502 | |a Tesis (Ingeniero Industrial) - UNI, 2020. | ||
| 520 | 3 | |a El estudio presenta una Propuesta de un Sistema de gestión de inventario en la línea de Gypsum de la Empresa Yang & Asociados, S.A.” con la finalidad de presentar una propuesta de modelo de gestión para los productos clasificación A, que facilite la disminución de costos operativos correspondientes a costos de mantener inventario y costos de orden de pedido a partir de los productos que tienen mayor representación en el inventario. | |
| 650 | 7 | |a CONTROL DE INVENTARIO | |
| 650 | 7 | |b ADMINISTRACION DE INVENTARIO | |
| 650 | 7 | |c INVENTARIO-CLASIFICACION | |
| 650 | 7 | |d GESTION DE INVENTARIO | |
| 700 | 1 | |a Tutor: |b Silvestri Jirón, Pietro Marcelo | |
| 942 | |c BK |2 ddc | ||
| 991 | |a TESIS | ||
| 999 | |c 18953 | ||